000 00445nam a2200169Ia 4500
001 22953
003 IN-NITTTR
005 20251114233258.0
008 251113s9999||||xx |||||||||||||| ||eng||
040 _beng
040 _cIN-NITTTR
041 _aeng
082 _a331.259 E32T
100 _aEngestrom, Yrjo
245 0 _aTraining for change :
_b new approach to instruction and learning in working life /
_cEngestrom, Yrjo
942 _2ddc
_cBK
999 _c25582
_d25582